Представление документа в формате MARC21

Поле Инд. ПП Название Значение
Тип записи a
Библиографический уровень m
001 Контрольный номер d2a5377b-5265-45f2-a976-2be05931356e
005 Дата корректировки 20140226223944.9
008 Кодируемые данные 010320 d
020 a ISBN 5-89178-112-3
c Цена, тираж 68.00
040 a Служба первич. каталог. НБ ТвГУ
041 a Код языка текста rus
080 a Индекс УДК 882-2
084 a Индекс другой классификации/Индекс ББК Ш6(2=411.2)6-6
090 x Авторский знак Ф51
a Полочн. индекс Р2
100 1_ a Автор Филатов Леонид Алексеевич
245 10 a Заглавие Театр Леонида Филатова
b Продолж. заглавия [Пьесы. Песни к спектаклям. Пародии
c Ответственность Сост. Л. Быков; Оформ. А. Зарубина, Д. Литвинова]
260 0_ a Место издания Екатеринбург
b Издательство У-Фактория
c Дата издания 1999
300 a Объем 508,[1] с.
b Иллюстрации/ тип воспроизводства ил.
583 a Действие Получение впервые 161 15.03.2001
k Исполнитель действия Мегапроект "Пушкинская библиотека"
653 a Ключевые слова Художественная
700 1_ a Другие авторы Быков Леонид
e Роль лиц сост., предисл.
700 1_ a Другие авторы Зарубин А.
e Роль лиц худож.
700 1_ a Другие авторы Литвинов Д.
e Роль лиц худож.
852 t Порядковый номер экземпляра 1
p Инвентарный номер 732640
888 a За счет средств университета (частично)
930 a Новая/Ретро художественная
952 p 161.2001 68.00 1 732640
c Вид литературы К рх
954 a Дата поступления на обработку 20010319
999 a Подразделение 2 ч.з.